Japan : The fragile superpower
"What is the secret of Japan's economic success? What are the country's prospects for the future? Japan: The Fragile Superpower sets out to answer these intriguing questions and at the same time provides a penetrating analysis of the inner dynamics of Japanese business, politics, and...
Gardado en:
| Autor Principal: | |
|---|---|
| Formato: | Libro |
| Idioma: | Undetermined |
| Publicado: |
New York
W. W. Norton & Company, Inc.
1975
|
| Những chủ đề: | |
| Các nhãn: |
Engadir etiqueta
Sen Etiquetas, Sexa o primeiro en etiquetar este rexistro!
|
| Thư viện lưu trữ: | Trung tâm Học liệu Trường Đại học Cần Thơ |
|---|
| LEADER | 01088nam a2200229Ia 4500 | ||
|---|---|---|---|
| 001 | CTU_114986 | ||
| 008 | 210402s9999 xx 000 0 und d | ||
| 082 | |a 915.2034 | ||
| 082 | |b G447/1975 | ||
| 100 | |a Gibney, Frank | ||
| 245 | 0 | |a Japan : | |
| 245 | 4 | |b The fragile superpower | |
| 245 | 0 | |c Frank Gibney | |
| 260 | |a New York | ||
| 260 | |b W. W. Norton & Company, Inc. | ||
| 260 | |c 1975 | ||
| 520 | |a "What is the secret of Japan's economic success? What are the country's prospects for the future? Japan: The Fragile Superpower sets out to answer these intriguing questions and at the same time provides a penetrating analysis of the inner dynamics of Japanese business, politics, and culture." Frank Gibney's widely acclaimed book was long required reading for anyone interested in modern Japan. Nearly twenty years later, many of Gibney's original observations still hold true. | ||
| 650 | |a Japan,National characteristics, japanese,Japan | ||
| 650 | |x Civilization,History | ||
| 650 | |y 1945- | ||
| 904 | |i Minh | ||
| 980 | |a Trung tâm Học liệu Trường Đại học Cần Thơ | ||